Science Quiz

Random Science or Elements Quiz

Alkaline Earth Metals Quiz Stats

 Plays Quiz Updated Feb 21, 2020

Support Sporcle.
Go Orange.
Score 0/6 Timer 01:00
0 Plays Today
Element % Correct
Magnesium (Mg)
85%
Calcium (Ca)
83.7%
Beryllium (Be)
77.5%
Barium (Ba)
64.3%
Strontium (Sr)
62.1%
Radium (Ra)
60.6%

From the Vault

'App' Words

by timmylemoine1

Is there an app for that?
Remove Ads.
Support Sporcle.
Get the best of Sporcle when you Go Orange. This ad-free experience offers more features, more stats, and more fun while also helping to support Sporcle. Thank you for becoming a member.

Show Comments

Extras

Top Quizzes Today


Score Distribution

Your Account Isn't Verified!

In order to create a playlist on Sporcle, you need to verify the email address you used during registration. Go to your Sporcle Settings to finish the process.

Report this User

Report this user for behavior that violates our Community Guidelines.

Details: